José Gil de Castro y los franciscanos del Convento Grande de Nuestra Señora del Socorro de Santiago de Chile

Guardat en:
Dades bibliogràfiques
Autor principal: Ramírez Rivera, Hugo Rodolfo E (Autor)
Format: Llibre
Idioma:espanyol
Publicat: Santiago Publicaciones del Archivo Franciscano 1990
Matèries:
Etiquetes: Afegir etiqueta
Sense etiquetes, Sigues el primer a etiquetar aquest registre!

MARC

LEADER 00000nam a2200000 a 4500
001 UCY3516
003 CL-VaPUC
008 950103e19900000CL |||||||||||||||||spa|d
082 0 4 |a 271.3083  |b RAM  |2 21 
100 0 |a Ramírez Rivera, Hugo Rodolfo E  |e author  |9 331825 
245 1 0 |a José Gil de Castro y los franciscanos del Convento Grande de Nuestra Señora del Socorro de Santiago de Chile 
300 |a 45 p 
942 |c BK 
945 |d 19950103 00:00:00  |a aalvarez 
260 |a Santiago  |b Publicaciones del Archivo Franciscano  |c 1990 
650 0 |a Franciscanos   |9 267404 
651 7 |a CHILE  |2 CL-VaPUC  |9 331826 
583 |a last modification  |c 19950103 00:00:00  |k Rodrigo Vera 
999 |c 231625  |d 231623 
952 |0 0  |1 0  |4 0  |6 271_308300000000000_RAM_1990  |7 0  |8 A  |9 235059  |a BIBTEO  |b BIBTEO  |d 2019-11-15  |i 304775K  |o 271.3083 RAM 1990  |p 304775K  |r 2025-01-17  |w 2019-11-15  |y BK  |k ICR